|
|
|
|
| LEADER |
00000nab a2200000uu 4500 |
| 001 |
vtls011506749 |
| 003 |
SK-MaSNL |
| 005 |
20260303200903.0 |
| 008 |
211119|1977 xo |||||||||||||||||cze| |
| 015 |
|
|
|a SNBRB
|
| 035 |
|
|
|a (urnnbn)urn:nbn:sk:snk:ar-a0aw5i
|
| 035 |
|
|
|a (uuid)23527dd7-1b38-457c-afbd-5e8debc8c6f9
|
| 035 |
|
|
|a urn:nbn:sk:snk-abdzv0
|
| 040 |
|
|
|a SNKBUCL
|b slo
|c SNKBUCL
|e AACR2
|
| 041 |
0 |
|
|a cze
|
| 044 |
|
|
|a xo
|c SK
|
| 100 |
1 |
|
|a Hamanová, Růžena,
|d 1942-2023
|4 aut
|9 236147
|
| 245 |
1 |
0 |
|a UKRADENÝ ORLOJ Hana Doskočilová
|c Růžena Hamanová
|
| 773 |
0 |
|
|t Zlatý máj : kritická revue tvorby pro mládež
|g Roč. 21, č. 1 (1977), s. 65-67
|
| 958 |
|
|
|a OND
|
| 958 |
|
|
|a article20
|
| 999 |
|
|
|c 2170413
|d 2172343
|